01416nab a2200421 a 450000100060000000300080000600500170001400600190003100700150005000800410006502200140010603500210012004000260014105000220016708000100018908200150019910000340021422200340024824501120028226000840039430000090047831000180048736200280050553301640053365000210069765000160071865000180073465000200075265000140077265000150078665300130080165300150081465500320082971000190086174000350088085600620091599900170097780889FlNmELB20241217151810.0m o d | cr cn|||||||||201102r2003 sp |||||s|||||||||||spa d a1139-9325 a(OCoLC)955405524 aFlNmELBbspacFlNmELB 4aBT82.2bC827 2003 a291.704a270.822221 aCorte Ibáñez, Luis de la. 0aEncuentros multidisciplinares10aValores, problemas de convivencia y fundamentalismosh[recurso electronico] /cLuis de la Corte Ibáñez. a[Madrid] :bFundación General de la Universidad Autónoma de Madrid,c[2003] a6 p. aCuatrimestral0 aVol. 5, Num. 13 (2003)- aRecurso electrónico. Santa Fe, Arg.: e-libro, 2015. Disponible vía World Wide Web. El acceso puede estar limitado para las bibliotecas afiliadas a e-libro. 0aFundamentalismo. 0aReligión. 0aSociología. 0aFundamentalism. 0aReligion. 0aSociology. aReligion aSociologia 4aArtículos electrónicos.2 ae-libro, Corp.02aEncuentros multidisciplinares.40uhttps://elibro.net/ereader/politecnicointernacional/16090 c80889d80889